La literatura norteamericana en el siglo XX /

Shranjeno v:
Bibliografske podrobnosti
Glavni avtor: Straumann, Heinrich (autor)
Drugi avtorji: Monteforte Toledo, Mario (traducción) (traducción)
Format: Knjiga
Jezik:španščina
Izdano: México : Fondo de Cultura Económica, 1953, c1953
Serija:(Breviarios ; 79)
Teme:
Oznake: Označite
Brez oznak, prvi označite!

MARC

LEADER 00000nam^a2200000^a^4500
001 000138057
005 20250521000000.0
009 20260310095415.076
037 |a Acervo ITESO - Biblioteca 
041 |a ESP 
082 |a 082.  |b BRE V. 79 
100 |a Straumann, Heinrich  |e (autor) 
245 1 3 |a La literatura norteamericana en el siglo XX /  |c H. Straumann ; tr. por M. Monteforte Toledo. 
264 4 |a México :  |b Fondo de Cultura Económica,  |c 1953, c1953 
300 |a 234 p. 
336 |a texto  |b txt  |2 rdacontenido 
337 |a sin mediación  |b n  |2 rdamedio 
338 |a volumen  |b nc  |2 rdasoporte 
440 1 |a (Breviarios ;  |v 79) 
500 |a Traducción de: American Literature in the Twentieth Century 
649 |a XX 
650 |a Literatura Norteamericana -  |y Siglo XX 
650 |a Literatura Norteamericana -  |x Historia y Crítica -  |x Tema Principal 
700 |a Monteforte Toledo, Mario  |e (traducción) 
910 |a Fondo Salvador Reynoso Reynoso 
920 |a Impresos - Libros 
930 |a Fondos Especiales 
905 |a 112 
901 |a 0800014612  |b IT2  |c ESP  |u 20250521 
902 |a https://opac.biblio.iteso.mx/vufind/Record/000138057